00825cam a2200217 450000500170000000800390001702000270005604000460008304100080012910000300013724500610016725000210022826000270024930000450027650400530032165000570037465000480043165000470047965000420052665000390056820230529150628.0130821s2014 sp ad fr spa a9780357723067 (10.Ed.) aCO-BoUCMbspacDavid MorenodDavid Moreno00aspa1 aMankiw, N. Gregoryd1958-10aBrief Principles of Macro Economics /cN. Gregory Mankiw aDecima edición aBostonbCengage c2023 a452 páginasbilustraciones, gráficas aIncluye referencias bibliográficas e índices1 aPolítica económica xPolítica de crecimiento 1 aCuestion monetaria xInflación (Finanzas)1 aMercado laboralxEmpleo (teoria economica)1 aOferta y demandaxCambio (economía)1 aRentas nacionalesxFlujo de fondos